000 00547nam a22001457a 4500
005 20241212091940.0
008 240923b ||||| |||| 00| 0 eng d
082 _2DPer050 M72 January-March 2018 v. 66 no. 8-10
100 _aJacob, Aldrin Neil D.
_eauthor.
_961389
245 _aImportance of motivation to learning /
_cAldrin Neil D. Jacob.
260 _aPhilippines;
_bPublishers Association of the Philippines, Inc.,
_cJune 2018.
300 _aVolume 66, pages 11-12.
700 _aJacob, Aldrin Neil D.
_eauthor.
_961389
942 _2ddc
_cPER
999 _c21770
_d21770